|
|
|
|
| LEADER |
00000nas a2200000 a 4500 |
| 001 |
ssj0007181 |
| 003 |
WaSeSS |
| 005 |
20200512172242.0 |
| 006 |
m d |
| 007 |
cr n |
| 008 |
950123c19779999mdufr pss o 0 a0eng c |
| 010 |
|
|
|a sn 95007069
|
| 016 |
7 |
|
|a 1481000-1
|2 DE-600
|
| 022 |
|
|
|a 1080-6563
|l 0147-2593
|y 0147-2593
|
| 035 |
|
|
|a (WaSeSS)ssj0007181
|
| 037 |
|
|
|b Johns Hopkins University Press, P.O. Box 19966, Baltimore, MD 21211
|
| 040 |
|
|
|a NSD
|b eng
|c NSD
|d OCL
|d NSD
|d GUA
|d IUL
|d OCL
|d IUL
|d OCL
|d GUA
|d OCLCQ
|d MUQ
|d OCL
|d IUL
|d OCLCQ
|d OCLCO
|d OCLCQ
|d OCLCF
|d OCLCO
|d OCLCQ
|d EZC
|d VT2
|d WaSeSS
|
| 042 |
|
|
|a nsdp
|a pcc
|
| 050 |
1 |
4 |
|a PN1009.A1
|
| 082 |
1 |
0 |
|a 809
|2 12
|
| 130 |
0 |
|
|a Lion and the unicorn (Baltimore, Md. : Online)
|
| 210 |
0 |
|
|a Lion unic.
|b (Baltim. Md. Online)
|
| 222 |
|
4 |
|a The Lion and the unicorn
|b (Baltimore, Md. Online)
|
| 245 |
1 |
4 |
|a The lion and the unicorn
|h [electronic resource].
|
| 260 |
|
|
|a Baltimore, MD :
|b Johns Hopkins University Press
|
| 310 |
|
|
|a Semiannual
|
| 362 |
1 |
|
|a Print began in 1977.
|
| 506 |
|
|
|a License restrictions may limit access.
|
| 538 |
|
|
|a Mode of access: World Wide Web.
|
| 588 |
|
|
|a Description based on: 19.1 (June 1995); title from title screen.
|
| 588 |
|
|
|a Latest issue consulted: 19.2 (Dec. 1995).
|
| 650 |
|
0 |
|a Children's literature
|x History and criticism
|v Periodicals.
|
| 650 |
|
6 |
|a Littérature de jeunesse
|x Histoire et critique
|v Périodiques.
|
| 650 |
|
7 |
|a Children's literature.
|2 fast
|0 (OCoLC)fst01759351
|
| 655 |
|
0 |
|a Electronic journals.
|
| 776 |
1 |
|
|t Lion and the unicorn
|x 0147-2593
|w (DLC) 77646850
|w (OCoLC)3134351
|
| 850 |
|
|
|a GU
|
| 856 |
4 |
0 |
|z Full text available from Research Library: 06/01/1996 to 1 year ago
|u https://search.proquest.com/publication/30951
|